书目信息 |
| 书名: | Poor Little Bitch Girl | |
| 作者: | Jackie Collins | |
| 分册号: | ||
| 分册名: | 出版地: | LONDON |
|
| 出版社: | Simon & Schuster Ltd | |
| 出版时间: | 2009 | |
| 页数: | 436P | |
| 开本: | 24CM | |
| 丛书名: | ||
| 中图分类号: | ||
| 科图分类号: | ||
| 其他分类号: | I561.4 | |
| 主题词: | ||
| 电子资源: | ||
| 000 | 00395nam0 2200145 450 | |
| 001 | 202012003150 | |
| 005 | 20121203103151.0 | |
| 008 | 12120301s | |
| 020 | @a9781847372611@c$12.99 | |
| 099 | @dI561.4@eJ123 | |
| 245 | 10 | @aPoor Little Bitch Girl@c Jackie Collins |
| 260 | 0 | @aLONDON@b Simon & Schuster Ltd@c2009 |
| 300 | @a436P@c24CM | |
| 905 | @b14355-6 | |
| 905 | @aTSG@dI561.4@eJ123 | |
| Poor Little Bitch Girl / Jackie Collins.-LONDON : Simon & Schuster Ltd , 2009 |
| 436P ; 24CM |
| ISBN 9781847372611$12.99 |
| ● |
| 相关链接 |
|
|
|
正题名:Poor Little Bitch Girl
索取号:I561.4/J123
 
预约/预借
| 序号 | 登录号 | 条形码 | 馆藏地/架位号 | 状态 | 备注 |
| 1 | 14355 | 300143556 | 文学库116/400A自科库 16排2列4层/ [索取号:I561.4/J123] | 在馆 | |
| 2 | 14356 | 300143565 | 文学库116/400A自科库 16排2列4层/ [索取号:I561.4/J123] | 在馆 |